Acta Historica Tomus LXXIV.

Elmentve itt :
Bibliográfiai részletek
További közreműködők: Szántó Imre
Dokumentumtípus: Folyóirat
Megjelent: 1984
Sorozat:Acta Universitatis Szegediensis : acta historica 74
Kulcsszavak:Szeged története - 1848-1849, Társadalmi viszonyok - Csongrád megye - 18-19. sz., Gazdaságtörténet - Szőreg - 18-19. sz.
Online Access:http://acta.bibl.u-szeged.hu/37106
LEADER 00663nas a2200169 i 4500
001 acta37106
005 20260224081030.0
008 161201s1984 hu o 000 hun d
040 |a SZTE Egyetemi Kiadványok Repozitórium  |b hun 
041 |a hun 
245 0 0 |a Acta Historica   |h [elektronikus dokumentum] :  |b Tomus LXXIV. 
260 |c 1984 
300 |a 49 
490 0 |a Acta Universitatis Szegediensis : acta historica  |v 74 
695 |a Szeged története - 1848-1849, Társadalmi viszonyok - Csongrád megye - 18-19. sz., Gazdaságtörténet - Szőreg - 18-19. sz. 
700 0 1 |a Szántó Imre 
856 4 0 |u http://acta.bibl.u-szeged.hu/37106/1/historica_074.pdf  |z Dokumentum-elérés